| 000 | 00422nam a2200157 i 4500 | ||
|---|---|---|---|
| 001 | bg | ||
| 245 | 0 |
_aElementy rachunku ekonomicznego : _bpraca zbiorowa / _cpod red. nauk. Z. Hellwiga. |
|
| 250 | _aWyd.2 zm. | ||
| 260 |
_aWarszawa, _c1978. |
||
| 700 | 1 |
_aHellwig, Zdzisław. _eRed. |
|
| 040 | _cBPK | ||
| 041 | _apol | ||
| 080 | _a338.45:338.2:65.011:330.115 | ||
| 942 | _cKS | ||
| 008 | s pl f |000 0 pol | ||
| 999 |
_c9958 _d9958 |
||
| 856 |
_uhttp://koha.tu.koszalin.pl/cgi-bin/koha/opac-detail.pl?biblionumber=9958 _yKatalog online BPK |
||